000 00692nam a22002057a 4500
005 20230315015436.0
008 230315b |||||||| |||| 00| 0 eng d
020 _a978-621-8035-08-9
082 _aFil. 510.76 C172 2016
100 _aCamarista, Genesis G.
_eauthor
245 _aThe art of problem solving /
_cGenesis G. Camarista; Sunny G. Gabinete, editor
250 _arev. ed.
260 _aManila:
_bLorimar Publishing,
_cc2016
300 _av, 100p.:
_bill.
504 _aIncludes bibliographies
541 _e5597 c.1, 5598 c.2, 5599 c.3, 5600 c.4, 5601 c.5
650 _aProblem solving
650 _aMathematics - Problems, exercises, etc.
700 _aGabinete, Sunny G.
_eeditor
999 _c1851
_d1851